Wybitne postacie schyłku średniowiecza w Polsce - Statystyki

Ogólne statystyki
  • Ten quiz został rozwiązany 54 razy
  • Średni wynik to 4 z 8
Statystyki odpowiedzi
Opis Postać % Poprawnych
Król Polski. Założyciel dynastii Jagiellonów. Władysław II Jagiełło
100%
Rycerz, uczestnik m.in. Bitwy pod Grunwaldem. Nazywany niekiedy "Polskim Rolandem". Zawisza Czarny z Garbowa
73%
Król Polski, słynący z licznego potomstwa. Doprowadził, po długiej wojnie, do zawarcia ostatecznego pokoju z Zakonem Krzyżackim. Kazimierz IV Jagiellończyk
63%
Duchowny, wychowawca synów królewskich. Uznawany za pierwszego polskiego historyka. Jan Długosz
57%
Rzeźbiarz niemiecki, przedstawiciel schyłkowego gotyku. Na zaproszenie patrycjatu przybył do Krakowa, gdzie powstały jego najwybitniejsze dzieła. Wit Stwosz
53%
Arcybiskup, pierwszy Prymas Polski. Uczestnik Soboru w Konstancji. Obrońca interesów Polski w sporze z Krzyżakami. Mikołaj Trąba
24%
Uczony, prawnik, pisarz religijno-polityczny. Rektor Akademii Krakowskiej. Zasłynął z wystąpienia na Soborze w Konstancji. Obrońca interesów Polski w sporze z Krzyżakami. Paweł Włodkowic
18%
Duchowny, teolog, profesor Akademii Krakowskiej, cieszący się wielkim szacunkiem krakowian. Święty katolicki. Jan Kanty (Jan z Kęt)
4%
Nie znaleziono quizów pasujących do podanych kryteriów
Rozkład punktacji
Procent ludzi z każdym wynikiem
Percentyl według liczby udzielonych odpowiedzi
Twoja historia wyników
Nie rozwiązałeś tego quizu